| 000 | 00855cam a2200301 4500 | ||
|---|---|---|---|
| 001 | |||
| 008 | 090401t1998 xxu||||| |||| 00| 0 eng d | ||
| 020 | _a186081252X | ||
| 035 | _a(Sirsi) u99809 | ||
| 041 | _aeng | ||
| 050 | _a691 | ||
| 100 | _aLlewellyn, J.W. | ||
| 245 | _aTowards a framework for environmental assessment of building materials and components. | ||
| 260 |
_aLondon _bCRC Ltd _c1998 |
||
| 300 | _a113p. ; 30cm. | ||
| 350 | _a30.00 | ||
| 490 |
_aBR _v355 |
||
| 650 | _aBUILT ENVIRONMENT-BUILDING MATERIALS | ||
| 650 | _aGREEN BUILDINGS | ||
| 650 |
_aEnvironment _96238 |
||
| 650 | _aLIFE CYCLE ASSESSMENT | ||
| 650 | _aENVIRONMENTALLY-FRIENDLY CONSTRUCTION | ||
| 690 | _aBUILT ENVIRONMENT-BUILDING MATERIALS | ||
| 700 | _aEdwards, S. | ||
| 710 | _aBuilding Research Establishment | ||
| 942 | _n0 | ||
| 948 | _c01/04/1999 | ||
| 999 |
_c99467 _d99467 |
||